| 000 | 00590na a2200217 4500 | ||
|---|---|---|---|
| 001 | 19610 | ||
| 003 | MIRAKIL | ||
| 005 | 20181213155109.0 | ||
| 008 | 170116b tu 000 0 | ||
| 040 |
_aMilas _btur _cTR-AnCHP |
||
| 041 | _atur | ||
| 082 |
_a370.561 _bU97ü 1993 |
||
| 090 | _a370.561 U97ü 1993 | ||
| 100 | _aUysal, Hüseyin | ||
| 245 |
_aÜlkemizde eğitim-öğretim nasıl olmalı? _cHüseyin Uysal |
||
| 260 |
_aİstanbul _b[yayl. y.] _c1993 |
||
| 300 |
_a24 s. _c24 sm. |
||
| 650 |
_aEğitim ve öğretim _zTürkiye |
||
| 650 |
_aEğitim _zTürkiye |
||
| 942 |
_2ddc _cBKS |
||
| 999 |
_c6484 _d6484 |
||